000 00571nam a22001937a 4500
999 _c6247
_d6247
003 AR-CdUCM
008 190314b ||||| |||| 00| 0 spa d
040 _aMUNICIPALIDAD PROVINCIAL DEL CUSCO
_cBIBLIOTECA MUNICIPAL DEL CUSCO
082 _a868.3 /
_bV39
100 _aVelez de Guevara, Luis
_95045
245 _aEl Ollero de Ocaña /
260 _bContinental ;
300 _a146 páginas ;
_c17cm
505 _aContenido: Teatro
650 _aLiteratura española
_9193
650 _aLiteratura Edad de Oro 1500-1700
_917983
942 _2ddc
_cLIBROS
945 _anom